Zaila saklouh zaideih (Record no. 8777)

MARC details
000 -LEADER
fixed length control field 00363nam a22001577a 4500
003 - CONTROL NUMBER IDENTIFIER
control field GBCCL
005 - DATE AND TIME OF LATEST TRANSACTION
control field 20241126110658.0
008 - FIXED-LENGTH DATA ELEMENTS--GENERAL INFORMATION
fixed length control field 211008b ||||| |||| 00| 0 eng d
040 ## - CATALOGING SOURCE
Transcribing agency gbc
082 ## - DEWEY DECIMAL CLASSIFICATION NUMBER
Classification number 700
Item number KAM
100 ## - MAIN ENTRY--PERSONAL NAME
Personal name Kamkhenthang, H.
9 (RLIN) 3358
245 ## - TITLE STATEMENT
Title Zaila saklouh zaideih
260 ## - PUBLICATION, DISTRIBUTION, ETC.
Place of publication, distribution, etc. Imphal:
Name of publisher, distributor, etc. Lunmang,
Date of publication, distribution, etc. 1997
300 ## - PHYSICAL DESCRIPTION
Extent 152p.;
942 ## - ADDED ENTRY ELEMENTS (KOHA)
Source of classification or shelving scheme Dewey Decimal Classification
Koha item type Books
Holdings
Withdrawn status Lost status Source of classification or shelving scheme Damaged status Not for loan Home library Current Library Shelving location Date acquired Total checkouts Full call number Barcode Date last seen Copy number Price effective from Koha item type
    Dewey Decimal Classification     GRACE BIBLE COLLEGE GRACE BIBLE COLLEGE Vernacular 2021-10-08   VER 700 KAM 004610 2025-05-01 c.1 2021-10-08 Books
© Grace Bible College Library 2025